000 00267nam a2200121Ia 4500
008 190216s9999||||xx |||||||||||||| ||und||
100 _aChandurkar P J
245 0 _aPlant Anatomy
260 _bOxford & I B H
_c1971
300 _a251p
650 _aBotany
942 _cBK
999 _c1117
_d1117